| Tag |
First Indicator |
Second Indicator |
Subfields |
| LEADER |
00000cam a2200000 4500 |
| 001 |
in00000478521 |
| 005 |
20151012165356.0 |
| 008 |
741126s1967 ne b 00010 fre |
| 010 |
|
|
|a 67111192
|
| 035 |
|
|
|a (OCoLC)01088440
|
| 035 |
|
|
|9 ABZ8587AM
|
| 040 |
|
|
|c TOL
|d TXA
|d UtOrBLW
|
| 049 |
|
|
|a TXAM
|c [1435190]
|
| 050 |
0 |
0 |
|a PQ1593
|b .D47
|
| 100 |
1 |
|
|a Deroy, J. P. Th.
|
| 245 |
1 |
0 |
|a Francois Villon. :
|b Recherches sur le testament /
|c Door J. P. Th. Deroy.
|
| 264 |
|
1 |
|a La Haye,
|a Paris :
|b Mouton,
|c 1967.
|
| 300 |
|
|
|a 28 pages ;
|c 21 cm.
|
| 336 |
|
|
|a text
|b txt
|2 rdacontent
|
| 337 |
|
|
|a unmediated
|b n
|2 rdamedia
|
| 338 |
|
|
|a volume
|b nc
|2 rdacarrier
|
| 502 |
|
|
|c Utrecht.
|
| 504 |
|
|
|a Bibliogaphical references included in "Notes" (pages 26-27).
|
| 600 |
1 |
0 |
|a Villon, François,
|d 1431-1463.
|
| 999 |
|
|
|a MARS
|
| 999 |
f |
f |
|s d7cb26de-32f9-38f7-aecf-7a36bb03e59b
|i 724e4270-dd59-3527-8aae-2caf811bef13
|t 0
|
| 952 |
f |
f |
|p ric
|a Texas A&M University
|b Rellis Campus
|c Joint Library Facility
|d Remote Storage
|t 0
|e PQ1593 .D47
|h Library of Congress classification
|i unmediated -- volume
|m A14803754964
|
| 998 |
f |
f |
|a PQ1593 .D47
|t 0
|l Remote Storage
|